Hotel organisation and the front office management (Record no. 5191)

MARC details
000 -LEADER
fixed length control field 00468nam a2200169Ia 4500
008 - FIXED-LENGTH DATA ELEMENTS--GENERAL INFORMATION
fixed length control field 230917s9999||||xx |||||||||||||| ||und||
020 ## - ISBN
Price RS 750.00
040 ## - CATALOGING SOURCE
-- 5006841
Original cataloging agency VIVEKANANDA LIBRARY
041 ## - Language
-- English
082 ## - DDC NUMBER
Classification number 647.94 R186H
100 ## - MAIN ENTRY--PERSONAL NAME
Personal name Rastogi, A P
245 #0 - TITLE STATEMENT
Title Hotel organisation and the front office management
260 ## - PUBLICATION, DISTRIBUTION, ETC. (IMPRINT)
Place of publication, distribution, etc New Delhi
Name of publisher, distributor, etc Aman Publications
Date of publication, distribution, etc 2020
300 ## - PHYSICAL DESCRIPTION
Pages 293 p.
500 ## - GENERAL NOTE
General note 4501 25/01/2022 IF22/1070 27/01/2022 IHTM (SFS)
942 ## - ADDED ENTRY ELEMENTS (KOHA)
Koha item type Books
Holdings
Withdrawn status Lost status Damaged status Not for loan Location (home branch) Sublocation or collection (holding branch) Shelving location Date acquired Koha issues (times borrowed) Koha full call number Accession No. Koha date last seen Koha item type
        VIVEKANANDA LIBRARY VIVEKANANDA LIBRARY IHTM Library 01/03/2022   647.94 R186H 399998 17/09/2023 Books
        VIVEKANANDA LIBRARY VIVEKANANDA LIBRARY IHTM Library 01/03/2022   647.94 R186H 399999 17/09/2023 Books
        VIVEKANANDA LIBRARY VIVEKANANDA LIBRARY IHTM Library 01/03/2022 1 647.94 R186H 400001 02/09/2024 Books
        VIVEKANANDA LIBRARY VIVEKANANDA LIBRARY IHTM Library 01/03/2022 1 647.94 R186H 400002 02/09/2024 Books
© Designed and Maintained by Vivekananda Library, MDU Rohtak